000 00785nam a2200253Ia 4500
003 OSt
005 20220923211100.0
006 a|||||r|||| 00| 0
007 ta
008 Pun
020 _a8178831031 (hbk)
_c150
024 _a243,721
037 _b303, 08/10/2010, H.K. Prakashan
_cTextual
040 _aARTS
_cARTS
_bPun
041 _2Pun
_aPun
082 _aO153:g, P6
100 _aਜਗਬੀਰ ਸਿੰਘ
_9156324
245 0 _aਸਮਕਾਲੀ ਪੰਜਾਬੀ ਬਿਰਤਾਂਤ
260 _aਲੁਧਿਆਣਾ
_b ਚੇਤਨਾ
_c2006
300 _a134ਪੰ
_ccm.
650 _aਪੰਜਾਬੀ ਸਾਹਿਤ
942 _hO153:g, P6
_cTEXL
_2CC
999 _c294969
_d294969